Countries by Internet domains #2 - Statistics

General Stats
  • This quiz has been taken 80 times
  • The average score is 12 of 30
Answer Stats
Hint Answer % Correct
.au Australia
92%
.at Austria
86%
.dk Denmark
83%
.ro Romania
73%
.ch Switzerland
73%
.cn China
71%
.ie Ireland
67%
.uy Uruguay
62%
.bb Barbados
57%
.za South Africa
52%
.tw Taiwan
49%
.id Indonesia
44%
.sg Singapore
43%
.by Belarus
37%
.na Namibia
35%
.rs Serbia
32%
.fm Micronesia
30%
.kr South Korea
29%
.sz Eswatini
27%
.ni Nicaragua
27%
.si Slovenia
24%
.kp North Korea
22%
.td Chad
21%
.pw Palau
16%
.gq Equatorial Guinea
14%
.cr Costa Rica
13%
.kn Saint Kitts and Nevis
11%
.mh Marshall Islands
10%
.lc Saint Lucia
10%
.vc Saint Vincent and the Grenadines
10%
No matching quizzes found
Score Distribution
Percent of People with Each Score
Percentile by Number Answered
Your Score History
You have not taken this quiz